000 01132cam a2200217 4500
008 020805n2002 000 0 eng u
035 _a(Sirsi) u119186
100 _aBarrie, G
245 _aDig deep
260 _c2002
490 _aProperty Week
_v67(28) 19 July 2002, 26-28 (3)
520 _aDiscusses the relationship between property developers and the archaeologists who excavate and document their construction sites. It is estimated that developers have spent £200m on archaeology over the past decade but the end of the development boom has caused severe retrenchment in archaeological services dependant on income from developers. Key archaeological organisations do not favour being tied to government\public sector funding as this would compromise their independence. The revision of PPG16 might give archaelogists more security and importance but funding remains a problem.
590 _aAB
650 _aARCHAEOLOGY
650 _aEXCAVATIONS
650 _aMUSEUM OF LONDON ARCHAEOLOGY SERVICE
650 _aPPG16
650 _aDEVELOPMENT SITES
690 _aPROPERTY-PROPERTY DEVELOPMENT
942 _n0
999 _c70900
_d70900